[Event "ch-USA Girls 2024"]
[Site "Saint Louis USA"]
[Date "2024.07.16"]
[Round "1.1"]
[White "Li, Rachael"]
[Black "Su, Jasmine Zhixin"]
[Result "0-1"]
[WhiteTitle "WFM"]
[WhiteElo "2182"]
[BlackElo "2051"]
[WhiteFideId "30929849"]
[BlackFideId "30974909"]
[EventDate "2024.07.16"]

1. e4 c5 2. d4 cxd4 3. c3 dxc3 4. Nxc3 Nc6 5. Nf3 e6 6. Bc4 Nge7 7. O-O Ng6 8.
Be3 Be7 9. Qe2 O-O 10. Bb3 a6 11. Nd4 d6 12. Rad1 Nxd4 13. Bxd4 e5 14. Be3 Be6
15. Bd5 Qd7 16. Rd2 Nf4 17. Bxf4 exf4 18. Rfd1 Rad8 19. f3 b5 20. Qf2 Qc7 21.
Ne2 Bg5 22. h4 Bh6 23. Nd4 Bxd5 24. exd5 g6 25. Rc2 Qb7 26. Rc6 Rfe8 27. Nb3 Re3
28. Na5 Qa7 29. Kh2 Bf8 30. Rdc1 Qd4 31. Rxa6 Qxd5 32. Nc6 Rde8 33. Nb4 Qb7 34.
Rcc6 R8e5 35. Rcb6 Qd7 36. Nc6 Rc5 37. Ra7 Qc8 38. Qd2 Rxc6 39. Qd5 Rc7 40. Ra8
Qe6 41. Qd4 Rc8 42. Rxc8 0-1

[Event "ch-USA Girls 2024"]
[Site "Saint Louis USA"]
[Date "2024.07.16"]
[Round "1.2"]
[White "Gaw, Chloe"]
[Black "Atwell, Rose"]
[Result "1/2-1/2"]
[WhiteTitle "WFM"]
[BlackTitle "FM"]
[WhiteElo "2000"]
[BlackElo "2277"]
[WhiteFideId "30966892"]
[BlackFideId "30951011"]
[EventDate "2024.07.16"]

1. d4 d5 2. c4 dxc4 3. Nf3 Nf6 4. e3 e6 5. Bxc4 c5 6. O-O a6 7. a4 cxd4 8. exd4
Nc6 9. Nc3 Be7 10. Qe2 Nxd4 11. Nxd4 Qxd4 12. Be3 Qe5 13. Qf3 O-O 14. Rfd1 Qh5
15. Qg3 Bd7 16. Bg5 Bc6 17. Be2 Qg6 18. Bd3 Qh5 19. Be2 Qg6 20. Bd3 Qh5 21. Be2 1/2-1/2

[Event "ch-USA Girls 2024"]
[Site "Saint Louis USA"]
[Date "2024.07.16"]
[Round "1.3"]
[White "Vidyarthi, Omya"]
[Black "Ehsani, Yassamin"]
[Result "1/2-1/2"]
[WhiteTitle "WIM"]
[BlackTitle "WFM"]
[WhiteElo "2087"]
[BlackElo "2083"]
[WhiteFideId "30931665"]
[BlackFideId "30910765"]
[EventDate "2024.07.16"]

1. d4 d5 2. c4 c6 3. cxd5 cxd5 4. Nc3 Nf6 5. Bf4 Nc6 6. e3 a6 7. Be2 Bf5 8. Nf3
Nh5 9. Bg5 h6 10. Bh4 Nf6 11. O-O e6 12. Ne5 Bd6 13. f4 Be7 14. Qa4 Qb6 15. g4
Qxb2 16. Rac1 Ne4 17. Nxe4 Bxe4 18. Bxe7 Qxe2 19. Rf2 Qb5 20. Qa3 Qa5 21. Nxc6
Qxa3 22. Bxa3 bxc6 23. Rb2 g5 24. f5 exf5 25. Rxc6 Kd7 26. Rd6+ Kc7 27. Rf6 fxg4
28. Rxf7+ Kc6 29. Rf6+ Kc7 30. Bd6+ Kd7 31. Be5 Rh7 32. Rb7+ Ke8 33. Rxh7 Bxh7
34. Rxh6 Ra7 35. Kg2 Be4+ 36. Kg3 Rh7 37. Rxa6 Bf3 38. Ra8+ Kf7 39. Ra7+ Kg6 40.
Rxh7 Kxh7 41. h3 Bd1 42. hxg4 Kg6 43. Bc7 Bc2 44. Bd8 Bd1 45. Be7 Bc2 46. a3 Bd1
47. e4 dxe4 48. d5 Ba4 49. Kf2 Bd7 50. Ke3 Bxg4 51. Kxe4 Kf7 52. Bxg5 Ke8 53.
Kd4 Kd7 54. Bf4 Kc8 55. Kc5 Kb7 56. Kd6 Ka8 57. Kc7 Bh3 58. d6 Bg4 59. Be3 Bh3
60. a4 Bg4 61. Bb6 Bh3 62. Kc6 Bg4 63. Bc7 Bh3 64. a5 Bg4 65. Kb6 Bh3 66. a6 Bg4
67. a7 Bh3 68. Bb8 Bg4 69. Kc7 Bh3 70. d7 Bxd7 71. Kxd7 Kb7 72. Be5 Kxa7 1/2-1/2

[Event "ch-USA Girls 2024"]
[Site "Saint Louis USA"]
[Date "2024.07.16"]
[Round "1.4"]
[White "Lee, Alice"]
[Black "Mou, Iris"]
[Result "0-1"]
[WhiteTitle "IM"]
[BlackTitle "WIM"]
[WhiteElo "2371"]
[BlackElo "2165"]
[WhiteFideId "30941822"]
[BlackFideId "30939836"]
[EventDate "2024.07.16"]

1. d4 d5 2. c4 e6 3. Nf3 Nf6 4. g3 Bb4+ 5. Nbd2 dxc4 6. a3 Bxd2+ 7. Bxd2 b5 8.
a4 c6 9. Bg2 Bb7 10. Qc2 h6 11. h4 Nbd7 12. Ne5 Qc7 13. b3 c5 14. Bxb7 Qxb7 15.
O-O Qe4 16. Qa2 cxd4 17. Nxd7 Nxd7 18. Bb4 a5 19. axb5 cxb3 20. Qb1 Qd5 21. Ba3
Ne5 22. Rc1 d3 23. Rc5 Qd4 24. Qb2 Qxb2 25. Bxb2 Nd7 26. Rc7 dxe2 27. f3 Nb6 28.
Kf2 Nd5 29. Rc4 Kd7 30. Ra3 e1=Q+ 31. Kxe1 Ne3 32. Rd4+ Ke7 33. Ke2 Nc2 34. Rd3
a4 35. Rc3 Nd4+ 36. Kd3 Nxb5 37. Rc5 Nxa3 38. Bxa3 Kd7 39. Rc4 Rhb8 40. Rd4+ Ke8
41. Kc3 b2 0-1

[Event "ch-USA Girls 2024"]
[Site "Saint Louis USA"]
[Date "2024.07.16"]
[Round "1.5"]
[White "Tang, Zoey"]
[Black "Paragua, Megan Althea"]
[Result "1-0"]
[WhiteTitle "FM"]
[BlackTitle "WFM"]
[WhiteElo "2260"]
[BlackElo "2041"]
[WhiteFideId "30952530"]
[BlackFideId "30973007"]
[EventDate "2024.07.16"]

1. d4 d5 2. c4 e6 3. Nc3 c6 4. e3 Nf6 5. Nf3 Nbd7 6. Bd3 dxc4 7. Bxc4 b5 8. Bd3
Bd6 9. O-O O-O 10. h3 Bb7 11. e4 e5 12. dxe5 Nxe5 13. Nxe5 Bxe5 14. f4 Bd4+ 15.
Kh1 b4 16. Ne2 c5 17. Ng3 Qd7 18. Kh2 Rad8 19. e5 Ne8 20. Qc2 g6 21. Rd1 Ng7 22.
Be4 Bxe4 23. Nxe4 Qe7 24. Re1 Ne6 25. g3 Nc7 26. f5 Bxe5 27. Bh6 gxf5 28. Bxf8
Kxf8 29. Nf2 Qd6 30. Rad1 Bxg3+ 31. Kg2 Nd5 32. Qxf5 Bh4 33. Re5 Qg6+ 34. Qxg6
Nf4+ 35. Kf3 Nxg6 36. Rxd8+ Bxd8 37. Rxc5 Bf6 38. Nd3 Ne7 39. Rc7 a5 40. Rc5 a4
41. Ra5 b3 42. Rxa4 bxa2 43. Rxa2 Bd4 44. b4 f5 45. b5 Kf7 46. Ra6 1-0

[Event "ch-USA Girls 2024"]
[Site "Saint Louis USA"]
[Date "2024.07.17"]
[Round "2.1"]
[White "Li, Rachael"]
[Black "Gaw, Chloe"]
[Result "0-1"]
[WhiteTitle "WFM"]
[BlackTitle "WFM"]
[WhiteElo "2182"]
[BlackElo "2000"]
[WhiteFideId "30929849"]
[BlackFideId "30966892"]
[EventDate "2024.07.16"]

1. e4 c5 2. d4 cxd4 3. c3 Nf6 4. e5 Nd5 5. Nf3 Nc6 6. cxd4 d6 7. Bc4 Nb6 8. Bb5
dxe5 9. Nxe5 Bd7 10. Bxc6 Bxc6 11. Nxc6 bxc6 12. O-O g6 13. Re1 e6 14. Nc3 Bg7
15. Re4 O-O 16. Bf4 Nd5 17. Be5 f6 18. Bg3 f5 19. Rxe6 f4 20. Rxc6 Nxc3 21. bxc3
fxg3 22. hxg3 Rc8 23. Qb3+ Kh8 24. Rxc8 Qxc8 25. Re1 Qf5 26. f3 Qg5 27. Kf2 h5
28. Re4 Rc8 29. Re3 h4 30. gxh4 Qxh4+ 31. Ke2 Qh2 32. Kf2 Bf6 33. Qe6 Bh4+ 34.
Kf1 Qh1+ 35. Ke2 Qe1+ 36. Kd3 Rxc3+ 37. Ke4 Rxe3+ 38. Kd5 Rxe6 0-1

[Event "ch-USA Girls 2024"]
[Site "Saint Louis USA"]
[Date "2024.07.17"]
[Round "2.2"]
[White "Mou, Iris"]
[Black "Tang, Zoey"]
[Result "1/2-1/2"]
[WhiteTitle "WIM"]
[BlackTitle "FM"]
[WhiteElo "2165"]
[BlackElo "2260"]
[WhiteFideId "30939836"]
[BlackFideId "30952530"]
[EventDate "2024.07.16"]

1. e4 c5 2. Nf3 Nc6 3. Bb5 e6 4. O-O Nge7 5. d4 cxd4 6. Nxd4 Ng6 7. Be3 Be7 8.
c3 O-O 9. Nd2 a6 10. Bd3 b5 11. Qh5 Bb7 12. Nxc6 dxc6 13. Bc2 c5 14. f4 f5 15.
Rad1 Qc8 16. e5 Qc6 17. Qe2 Rfd8 18. Nf3 Nf8 19. Bf2 Nd7 20. Bh4 Bxh4 21. Rd6
Qc7 22. Nxh4 Nf8 23. Rfd1 Rxd6 24. exd6 Qb6 25. Qe5 Rd8 26. Kh1 c4 27. Rd4 Rd7
28. Bd1 Qd8 29. Nf3 h6 30. Qc5 Bd5 31. Ne5 Rxd6 32. Bf3 Nh7 33. Bh5 Nf8 34. Bf3
Qb6 35. Qxb6 Rxb6 36. Bxd5 exd5 37. Rxd5 Ne6 38. g3 g5 39. Nd7 Rb7 40. fxg5 hxg5
41. Nf6+ Kf7 42. Rxf5 Kg6 43. g4 Rf7 44. Nd5 Rxf5 45. Ne7+ Kf6 46. Nxf5 Nc5 47.
Kg2 Na4 48. Kf3 Ke5 49. Ng3 Nxb2 50. Ne4 Nd1 51. a3 a5 52. Nxg5 Nxc3 53. Nf7+
Ke6 54. Nd8+ Kd7 55. Nb7 b4 56. axb4 a4 57. Nc5+ Kd6 58. Nxa4 Nxa4 59. Ke4 Ke6
60. h4 Kf6 61. Kd4 Nb6 62. h5 Kg5 63. b5 Kh6 64. Kc3 Kg5 65. Kd4 Kf6 66. h6 Kg6
67. g5 Kh7 68. Kc3 Kg6 69. Kd4 Kh7 70. Kc3 Kg6 71. Kd4 Kh7 1/2-1/2

[Event "ch-USA Girls 2024"]
[Site "Saint Louis USA"]
[Date "2024.07.17"]
[Round "2.3"]
[White "Atwell, Rose"]
[Black "Vidyarthi, Omya"]
[Result "1-0"]
[WhiteTitle "FM"]
[BlackTitle "WIM"]
[WhiteElo "2277"]
[BlackElo "2087"]
[WhiteFideId "30951011"]
[BlackFideId "30931665"]
[EventDate "2024.07.16"]

1. d4 d5 2. c4 c6 3. Nf3 Nf6 4. e3 Bf5 5. Nc3 e6 6. Nh4 Bg6 7. Nxg6 hxg6 8. Bd2
Nbd7 9. Qc2 Qc7 10. g3 Bb4 11. Bd3 e5 12. cxd5 Bxc3 13. Qxc3 Nxd5 14. Qa3 exd4
15. exd4 Nf8 16. O-O-O Ne6 17. Rde1 Qe7 18. Qa4 O-O 19. h4 Qf6 20. h5 g5 21. Re5
Rae8 22. Rf5 Qxd4 23. Qxd4 Nxd4 24. Rxg5 Nf3 25. Rg4 Ne5 26. Rd4 Nxd3+ 27. Rxd3
Kh7 28. Kd1 Nf6 29. f3 Re6 30. g4 Nd5 31. g5 Rd8 32. Re1 Rxe1+ 33. Kxe1 Re8+ 34.
Kf2 Re7 35. Rd4 Kg8 36. f4 Re6 37. Kf3 Kf8 38. Re4 Rxe4 39. Kxe4 Nb6 40. Bb4+
Kg8 41. Bc5 Nc4 42. b3 Nd2+ 43. Ke3 Nf1+ 44. Kf2 Nd2 45. Bxa7 Ne4+ 46. Kf3 Nc3
47. a4 f6 48. Bd4 Nd5 49. Ke4 Kf7 50. g6+ Ke6 51. f5+ Ke7 52. Bc5+ Ke8 53. Bd6
Nb6 54. a5 Nd7 55. Kf4 c5 56. Ke4 b5 57. Kd5 c4 58. bxc4 b4 59. Bxb4 Nb8 60. Bd6 1-0

[Event "ch-USA Girls 2024"]
[Site "Saint Louis USA"]
[Date "2024.07.17"]
[Round "2.4"]
[White "Ehsani, Yassamin"]
[Black "Lee, Alice"]
[Result "1/2-1/2"]
[WhiteTitle "WFM"]
[BlackTitle "IM"]
[WhiteElo "2083"]
[BlackElo "2371"]
[WhiteFideId "30910765"]
[BlackFideId "30941822"]
[EventDate "2024.07.16"]

1. d4 Nf6 2. Bf4 e6 3. e3 d5 4. Nf3 c5 5. Nbd2 Nc6 6. c3 Be7 7. h3 Bd6 8. Bb5
O-O 9. Bxd6 Qxd6 10. O-O Bd7 11. Bxc6 Bxc6 12. Ne5 Nd7 13. f4 f6 14. Nxd7 Bxd7
15. Qf3 Qb6 16. Nb3 c4 17. Nc5 Bc8 18. b3 Qd6 19. bxc4 b6 20. Nb3 Ba6 21. c5
bxc5 22. dxc5 Qc7 23. Rfd1 Bc4 24. Nd4 Rfe8 25. c6 e5 26. fxe5 fxe5 27. Qg3 Qc8
28. Nb3 a5 29. Nd2 Qxc6 30. Nxc4 Qxc4 31. Rab1 Re7 32. a4 Rf8 33. Rb5 Qxc3 34.
Rbxd5 h6 35. Rd7 Rxd7 36. Rxd7 Rf7 37. Rxf7 Kxf7 38. Qf3+ Ke6 39. Qe4 Kd6 40.
Kh2 g5 41. Qa8 Kc5 42. Qe4 h5 43. Qb7 Kd6 44. e4 h4 45. Qd5+ Ke7 46. Qb7+ Kf6
47. Qb6+ Kg7 48. Qb7+ Kf6 49. Qb6+ Kg7 50. Qb7+ Kf6 1/2-1/2

[Event "ch-USA Girls 2024"]
[Site "Saint Louis USA"]
[Date "2024.07.17"]
[Round "2.5"]
[White "Su, Jasmine Zhixin"]
[Black "Paragua, Megan Althea"]
[Result "1/2-1/2"]
[BlackTitle "WFM"]
[WhiteElo "2051"]
[BlackElo "2041"]
[WhiteFideId "30974909"]
[BlackFideId "30973007"]
[EventDate "2024.07.16"]

1. e4 c5 2. Nf3 e6 3. d4 cxd4 4. Nxd4 Nf6 5. Nc3 Nc6 6. Nxc6 bxc6 7. e5 Nd5 8.
Ne4 Bb7 9. Be2 c5 10. O-O Qc7 11. Nd6+ Bxd6 12. exd6 Qc6 13. f3 c4 14. Qd4 O-O
15. Bxc4 Qxd6 16. b3 Qb6 17. Qxb6 Nxb6 18. Bd3 d5 19. Bb2 Rfc8 20. Rfe1 Nd7 21.
Rac1 Rc7 22. Bf1 Rac8 23. c4 Kf8 24. Ba3+ Ke8 25. f4 dxc4 26. Bxc4 g6 27. Rcd1
Nb6 28. Bd3 Rd8 29. Bb5+ Bc6 30. Rc1 Kd7 31. Ba6 Nd5 32. g3 Rb8 33. Red1 Bb5 34.
Rxc7+ Kxc7 35. Rc1+ Kd7 36. Bxb5+ Rxb5 37. Bc5 Rb7 38. Kf2 Rc7 39. Kf3 Nb4 40.
Rd1+ Nd5 41. Rc1 Nb4 42. Rd1+ Nd5 43. Rc1 Nb4 1/2-1/2

[Event "ch-USA Girls 2024"]
[Site "Saint Louis USA"]
[Date "2024.07.18"]
[Round "3.1"]
[White "Vidyarthi, Omya"]
[Black "Li, Rachael"]
[Result "0-1"]
[WhiteTitle "WIM"]
[BlackTitle "WFM"]
[WhiteElo "2087"]
[BlackElo "2182"]
[WhiteFideId "30931665"]
[BlackFideId "30929849"]
[EventDate "2024.07.16"]

1. Nf3 c5 2. c4 Nc6 3. Nc3 Nf6 4. g3 d6 5. Bg2 g6 6. O-O Bg7 7. d4 cxd4 8. Nxd4
Bd7 9. Nc2 h5 10. h4 Qc8 11. Re1 Ne5 12. b3 Bc6 13. Nd5 Nxd5 14. cxd5 Bd7 15.
Bg5 Bh3 16. Rc1 Bxg2 17. Kxg2 Qd7 18. Nd4 O-O 19. f3 Rac8 20. Qd2 Kh7 21. Qb4 a6
22. a4 e6 23. dxe6 fxe6 24. Red1 Nf7 25. Be3 d5 26. Qb6 Nd6 27. Bd2 e5 28. Nc2
Nf5 29. Ne1 e4 30. Rxc8 Rxc8 31. Bf4 d4 32. Rd2 Rc1 33. Nc2 d3 34. exd3 exf3+
35. Kh2 Nd4 36. Ne3 Ne2 37. Nd1 Bd4 0-1

[Event "ch-USA Girls 2024"]
[Site "Saint Louis USA"]
[Date "2024.07.18"]
[Round "3.2"]
[White "Lee, Alice"]
[Black "Atwell, Rose"]
[Result "1-0"]
[WhiteTitle "IM"]
[BlackTitle "FM"]
[WhiteElo "2371"]
[BlackElo "2277"]
[WhiteFideId "30941822"]
[BlackFideId "30951011"]
[EventDate "2024.07.16"]

1. c4 e6 2. Nc3 d5 3. d4 Be7 4. cxd5 exd5 5. Bf4 c6 6. e3 Bf5 7. Bd3 Bxd3 8.
Qxd3 Nf6 9. Nge2 O-O 10. O-O Nbd7 11. h3 Re8 12. Rfd1 a5 13. Rac1 a4 14. Ng3 Bb4
15. Nb1 Ne4 16. Nxe4 Rxe4 17. Nd2 Re6 18. Nf3 f6 19. Qc2 Nb6 20. Ne1 Nc4 21. Nd3
Bf8 22. b3 Na3 23. Qb2 axb3 24. axb3 Nb5 25. b4 Re8 26. Ra1 Qb6 27. Nc5 Nd6 28.
Qb3 Nc4 29. e4 Rxa1 30. Rxa1 Bxc5 31. dxc5 Qb5 32. exd5 cxd5 33. Rd1 Qc6 34. Qd3
Rd8 35. Re1 Qd7 36. Bd6 Nxd6 37. Qxd5+ Qf7 38. Qd1 Qf8 39. cxd6 Rxd6 40. Qb3+
Kh8 41. Qa4 Rd8 42. Qb5 Qf7 43. Qb6 Qd7 44. Re6 Kg8 45. Qe3 Kf7 46. Rb6 Qc7 47.
g4 Rd1+ 48. Kg2 Qd7 49. Qe4 Rd5 50. Qxh7 Re5 51. Qc2 Qd5+ 52. Kg3 Re1 53. Qc5
Rg1+ 54. Kh4 Qf3 55. Qh5+ Ke7 56. Qc5+ Kf7 57. Qh5+ Ke7 58. Qf5 Qg2 59. Qe6+ Kf8
60. Qc8+ Kf7 61. Rxb7+ Qxb7 62. Qxb7+ Kg6 63. f4 Kh6 64. f5 1-0

[Event "ch-USA Girls 2024"]
[Site "Saint Louis USA"]
[Date "2024.07.18"]
[Round "3.3"]
[White "Tang, Zoey"]
[Black "Ehsani, Yassamin"]
[Result "0-1"]
[WhiteTitle "FM"]
[BlackTitle "WFM"]
[WhiteElo "2260"]
[BlackElo "2083"]
[WhiteFideId "30952530"]
[BlackFideId "30910765"]
[EventDate "2024.07.16"]

1. d4 d5 2. c4 c6 3. cxd5 cxd5 4. Bf4 Nf6 5. e3 Nc6 6. Bd3 a6 7. Nc3 Bg4 8. Nge2
e6 9. O-O Bd6 10. Bg5 O-O 11. f4 h6 12. Bh4 Be7 13. Qb3 b5 14. h3 Bxe2 15. Nxe2
Na5 16. Qd1 g6 17. b3 Nb7 18. g4 Nd7 19. Bxe7 Qxe7 20. Ng3 f5 21. Kh2 Nd6 22.
Rg1 Kh7 23. Qe2 Ne4 24. gxf5 exf5 25. Bxe4 dxe4 26. Qg2 Qf6 27. a4 Nb6 28. axb5
axb5 29. Qe2 Nd5 30. Qxb5 Rxa1 31. Rxa1 Nxe3 32. Qc5 Rf7 33. Re1 g5 34. Nh5 Qg6
35. Rxe3 Qxh5 36. Qe5 Qh4 37. Re2 Qxf4+ 38. Qxf4 gxf4 39. b4 f3 40. Rb2 e3 41.
Kg1 Rg7+ 42. Kf1 e2+ 43. Kf2 Rg1 44. Rxe2 fxe2 45. Kxe2 Rb1 0-1

[Event "ch-USA Girls 2024"]
[Site "Saint Louis USA"]
[Date "2024.07.18"]
[Round "3.4"]
[White "Gaw, Chloe"]
[Black "Su, Jasmine Zhixin"]
[Result "0-1"]
[WhiteTitle "WFM"]
[WhiteElo "2000"]
[BlackElo "2051"]
[WhiteFideId "30966892"]
[BlackFideId "30974909"]
[EventDate "2024.07.16"]

1. d4 Nf6 2. c4 g6 3. Nc3 d5 4. cxd5 Nxd5 5. e4 Nxc3 6. bxc3 Bg7 7. Qa4+ Nd7 8.
Nf3 O-O 9. Be2 c5 10. O-O Qc7 11. Bg5 Nf6 12. d5 h6 13. Bd2 Rd8 14. Qc2 e6 15.
c4 exd5 16. cxd5 Re8 17. Bd3 c4 18. Rab1 a6 19. a4 Bd7 20. a5 Rac8 21. Rbc1 Qd8
22. Bxc4 Rxe4 23. Qb3 Rexc4 24. Rxc4 Rxc4 25. Qxc4 Bb5 26. Qc1 Bxf1 27. Qxf1
Qxd5 28. h3 Ne4 29. Bb4 Qb3 30. Qe1 f5 31. Be7 Kh7 32. Qc1 Nc3 33. Qe3 Qb1+ 34.
Kh2 Nd5 35. Qc5 Qb5 36. Qd6 Qc6 37. Qa3 Qc7+ 38. Bd6 Bf8 39. Bxc7 Bxa3 40. Bd8
Kg7 41. Kg1 Kf7 42. Ne5+ Ke8 43. Bh4 g5 44. Bg3 Bb4 45. Nc4 Kd7 46. Kf1 f4 47.
Bh2 Ne7 48. Ke2 Nc6 49. g3 fxg3 50. Bxg3 Nxa5 51. Ne5+ Ke6 52. Ng4 h5 53. Nh2
Nc6 54. Kd3 b5 55. Ke4 a5 56. Nf3 Be7 57. Nd2 a4 0-1

[Event "ch-USA Girls 2024"]
[Site "Saint Louis USA"]
[Date "2024.07.18"]
[Round "3.5"]
[White "Paragua, Megan Althea"]
[Black "Mou, Iris"]
[Result "1/2-1/2"]
[WhiteTitle "WFM"]
[BlackTitle "WIM"]
[WhiteElo "2041"]
[BlackElo "2165"]
[WhiteFideId "30973007"]
[BlackFideId "30939836"]
[EventDate "2024.07.16"]

1. e4 c6 2. d4 d5 3. exd5 cxd5 4. Bd3 Nc6 5. Ne2 Nb4 6. Bb5+ Bd7 7. Bxd7+ Qxd7
8. O-O Nf6 9. c3 Nc6 10. Nd2 e6 11. Nf3 Bd6 12. Bf4 O-O 13. Re1 Qc7 14. Qd2 Ne4
15. Bxd6 Qxd6 16. Qf4 b5 17. a4 Rab8 18. axb5 Rxb5 19. Ra6 Qd7 20. b4 Rc8 21.
Rea1 Rb7 22. Ne1 Nb8 23. R6a3 Nd6 24. Nd3 Rbc7 25. Nc5 Qe7 26. h3 Re8 27. Qf3
Nc4 28. R3a2 Nc6 29. Ra6 Ra8 30. Nf4 Rac8 31. Qg3 Nd6 32. Re1 Nf5 33. Qf3 Qf6
34. Qg4 Nh6 35. Qg3 Nf5 36. Qg4 Nh6 37. Qg3 Nf5 38. Qg4 1/2-1/2

[Event "ch-USA Girls 2024"]
[Site "Saint Louis USA"]
[Date "2024.07.19"]
[Round "4.1"]
[White "Ehsani, Yassamin"]
[Black "Paragua, Megan Althea"]
[Result "1/2-1/2"]
[WhiteTitle "WFM"]
[BlackTitle "WFM"]
[WhiteElo "2083"]
[BlackElo "2041"]
[WhiteFideId "30910765"]
[BlackFideId "30973007"]
[EventDate "2024.07.16"]

1. d4 Nf6 2. Bf4 e6 3. e3 c5 4. Nf3 cxd4 5. exd4 Be7 6. Bd3 b6 7. O-O Bb7 8.
Nbd2 O-O 9. c3 d6 10. h3 Nbd7 11. Qe2 Re8 12. Bc4 Qc7 13. Rfe1 Nf8 14. a4 a6 15.
Bh2 Nd5 16. Bb3 Qd7 17. Nf1 Ng6 18. Bxd5 Bxd5 19. Ne3 Bc6 20. a5 Reb8 21. axb6
Rxb6 22. Nc4 Rbb8 23. Na5 Ba4 24. b4 Qe8 25. Qa2 Bd7 26. Nd2 Qd8 27. Rab1 Bf8
28. c4 Nh4 29. Ne4 f5 30. Nc3 Qg5 31. Bg3 Ng6 32. Qe2 f4 33. Bh2 e5 34. Ne4 Qh6
35. d5 Nh4 36. f3 Nf5 37. Kh1 Be7 38. Bg1 Nh4 39. c5 Bb5 40. Nc4 Nxf3 41. gxf3
Qxh3+ 42. Bh2 Bxc4 43. Qxc4 Qxf3+ 44. Kg1 Qg4+ 45. Kh1 Qf3+ 46. Kg1 Qg4+ 47. Kh1
Qf3+ 48. Kg1 Qg4+ 49. Kh1 Qf3+ 1/2-1/2

[Event "ch-USA Girls 2024"]
[Site "Saint Louis USA"]
[Date "2024.07.19"]
[Round "4.2"]
[White "Su, Jasmine Zhixin"]
[Black "Mou, Iris"]
[Result "1-0"]
[BlackTitle "WIM"]
[WhiteElo "2051"]
[BlackElo "2165"]
[WhiteFideId "30974909"]
[BlackFideId "30939836"]
[EventDate "2024.07.16"]

1. e4 c6 2. d4 d5 3. Nc3 dxe4 4. Nxe4 Nf6 5. Nxf6+ exf6 6. Be3 Bd6 7. Bd3 O-O 8.
Ne2 Re8 9. O-O Nd7 10. Ng3 Nf8 11. c4 Be6 12. Rc1 Bc7 13. Qf3 Qd7 14. h3 Qd6 15.
Rfd1 Rad8 16. Nf1 Qd7 17. Bb1 Bb8 18. Bf4 Bxf4 19. Qxf4 Qd6 20. Qf3 b5 21. c5
Qc7 22. Be4 Bd5 23. Bxd5 Rxd5 24. Ne3 Red8 25. Nxd5 Rxd5 26. a4 b4 27. a5 Ne6
28. Rc4 Qxa5 29. Qb3 Qd8 30. Rxb4 Nxc5 31. Qc2 Na6 32. Rc4 g6 33. Ra1 Nb8 34.
Rxa7 Qb6 35. Raa4 Kg7 36. Rab4 Qc7 37. Rb3 Qd6 38. Rd3 Qe7 39. Rc5 Rd8 40. Qc3
Qe6 41. b4 Rd6 42. b5 cxb5 43. Rxb5 Nd7 44. d5 Qe2 45. Rb2 Qe4 46. Rd4 Qe5 47.
f4 Qe7 48. Kh2 Qd8 49. Rb5 Nb6 50. Qc5 g5 51. Rdb4 Na8 52. Rb8 Qc7 53. R4b5 Ra6
54. Qxc7 Nxc7 55. Rc5 Ra7 56. d6 Ne6 57. Rd5 Rd7 58. f5 Nf8 59. Rc8 h6 60. Rc7
Rd8 61. d7 h5 62. g4 hxg4 63. hxg4 Kh6 64. Kg3 Kg7 65. Kf3 Kh6 66. Ke4 Kg7 67.
Kd4 Kh6 68. Kc5 Kg7 69. Kc6 Kh6 70. Rc8 Rxd7 71. Rxd7 Nxd7 72. Kxd7 1-0

[Event "ch-USA Girls 2024"]
[Site "Saint Louis USA"]
[Date "2024.07.19"]
[Round "4.3"]
[White "Atwell, Rose"]
[Black "Tang, Zoey"]
[Result "1-0"]
[WhiteTitle "FM"]
[BlackTitle "FM"]
[WhiteElo "2277"]
[BlackElo "2260"]
[WhiteFideId "30951011"]
[BlackFideId "30952530"]
[EventDate "2024.07.16"]

1. d4 Nf6 2. Nc3 d5 3. Bf4 c5 4. e4 Nxe4 5. Nxe4 dxe4 6. dxc5 Qxd1+ 7. Rxd1 Nc6
8. Be3 g6 9. Bb5 Bg7 10. Bd4 O-O 11. Bxg7 Kxg7 12. Bxc6 bxc6 13. Rd4 Rb8 14. b3
f5 15. Ne2 Be6 16. Ra4 Rb7 17. Kd2 Rd8+ 18. Ke3 Kf6 19. Ra6 Rc7 20. Ra4 Rcd7 21.
f4 exf3 22. gxf3 Bf7 23. Ra6 Rc7 24. Nc3 Be6 25. Rd1 Rxd1 26. Nxd1 Bc8 27. Ra4
e5 28. Nc3 Rd7 29. b4 a6 30. Ra3 Rd4 31. Rb3 Rh4 32. a4 Rxh2 33. b5 axb5 34.
axb5 cxb5 35. Rxb5 f4+ 36. Kd3 Ba6 37. Nd5+ Kf5 38. c4 Rf2 39. c6 Rxf3+ 40. Kc2
Ra3 41. c7 Ke6 42. Kb2 Ra4 43. Rb6+ Kd7 44. c5 Rc4 45. Rd6+ Ke8 46. Rxa6 Rxc5
47. Ra8+ Kd7 48. c8=Q+ Rxc8 49. Nb6+ Kc7 50. Nxc8 f3 51. Ne7 Kd6 52. Kc3 Kxe7
53. Kd3 g5 54. Ke3 g4 55. Ra7+ Kf6 56. Rxh7 Kg5 57. Rh1 Kf5 58. Rh5+ Kf6 59. Kf2
e4 60. Ra5 Ke6 61. Rg5 Kf6 62. Rxg4 Kf5 63. Rg8 Kf4 64. Rf8+ Ke5 65. Ke3 Kd5 66.
Rf5+ Ke6 67. Kxe4 1-0

[Event "ch-USA Girls 2024"]
[Site "Saint Louis USA"]
[Date "2024.07.19"]
[Round "4.4"]
[White "Gaw, Chloe"]
[Black "Vidyarthi, Omya"]
[Result "1/2-1/2"]
[WhiteTitle "WFM"]
[BlackTitle "WIM"]
[WhiteElo "2000"]
[BlackElo "2087"]
[WhiteFideId "30966892"]
[BlackFideId "30931665"]
[EventDate "2024.07.16"]

1. d4 d5 2. c4 c6 3. cxd5 cxd5 4. Bf4 Nc6 5. e3 Nf6 6. Bb5 a6 7. Bxc6+ bxc6 8.
Nf3 e6 9. O-O Bd6 10. Ne5 Bb7 11. Nc3 O-O 12. Na4 a5 13. Bg5 Qc7 14. Bf4 Ne8 15.
Nd3 Ba6 16. Re1 Bxd3 17. Bxd6 Nxd6 18. Qxd3 Nc4 19. Rac1 e5 20. b3 Nb6 21. Nxb6
Qxb6 22. dxe5 a4 23. Qd4 Rfb8 24. Rc3 axb3 25. axb3 Ra3 26. Rb1 Qa6 27. h3 h6
28. Qc5 Rb6 29. Qe7 Ra1 30. Rcc1 Rxb1 31. Rxb1 Qc8 32. Qd6 Qb8 33. Qe7 Rb7 34.
Qc5 Rxb3 35. Rxb3 Qxb3 36. Qxc6 Qb1+ 37. Kh2 Qf5 38. f4 d4 39. g4 Qd3 40. Qc8+
Kh7 41. exd4 Qd2+ 42. Kg3 Qe3+ 43. Kg2 Qe2+ 44. Kg3 Qe3+ 45. Kg2 Qe2+ 46. Kg3
Qe3+ 1/2-1/2

[Event "ch-USA Girls 2024"]
[Site "Saint Louis USA"]
[Date "2024.07.19"]
[Round "4.5"]
[White "Li, Rachael"]
[Black "Lee, Alice"]
[Result "1/2-1/2"]
[WhiteTitle "WFM"]
[BlackTitle "IM"]
[WhiteElo "2182"]
[BlackElo "2371"]
[WhiteFideId "30929849"]
[BlackFideId "30941822"]
[EventDate "2024.07.16"]

1. e4 e5 2. Nf3 Nf6 3. Nxe5 d6 4. Nf3 Nxe4 5. d4 d5 6. Bd3 Be7 7. O-O Bf5 8. Re1
O-O 9. c4 Nc6 10. cxd5 Qxd5 11. Nc3 Nxc3 12. bxc3 Rae8 13. Rb1 Bxd3 14. Qxd3 Bd6
15. Be3 b6 16. c4 Qh5 17. Rb5 Qg6 18. Qxg6 fxg6 19. c5 Bf4 20. Rbb1 bxc5 21.
dxc5 Bxe3 22. Rxe3 Rb8 23. Rxb8 Rxb8 24. g3 Rd8 25. Re6 Nd4 26. Nxd4 Rxd4 27.
Re7 Ra4 28. Rxc7 Rxa2 29. c6 Rc2 30. Rxa7 Rxc6 31. Rb7 Rd6 32. Ra7 Rc6 33. Rb7
Rd6 34. Ra7 Rc6 1/2-1/2